000 00717nam a2200229 a 4500
999 _c1084
_d1084
008 191122t2003 ii a|||g |||| 00| 0 eng d
020 _a9788187671404
_cRs. 275.00
040 _aKO
_beng
041 0 _aeng
044 _aii
082 0 4 _223
_a158.1
_bC1626
245 0 0 _aChicken Soup to Inspire the Body and Soul :
_bmotivation and inspiration for living and loving a healthy lifestyle /
_cJack Canfield ...[et al.]
260 _aChennai :
_bWestland Ltd. ,
_c2005
300 _axix, 364 p. :
_bill. ;
_c21 cm
650 0 _aConduct of life
700 _aHansen, Mark Victor
_eaut
700 _aMillman, Dan
_eaut
700 _aWentworth, Diana von Welanetz
_eaut
904 _aA_BOSE
942 _cBK